Statistics for College Hockey Teams

Click here to take the quiz!

General Stats

  • This quiz has been taken 16 times
  • The average score is 37 of 64

Answer Stats

Answer% Correct
Arizona State
100%
Air Force
92%
Boston College
92%
Boston University
92%
Harvard
92%
Maine
92%
Mercyhurst
92%
Michigan
85%
Michigan State
85%
Minnesota
85%
Army
77%
Cornell
77%
Miami (OH)
77%
Penn State
77%
Princeton
77%
UMass
77%
Wisconsin
77%
Yale
77%
Colgate
69%
Dartmouth
69%
North Dakota
69%
Notre Dame
69%
Ohio State
69%
UConn
69%
UMass-Lowell
69%
Vermont
69%
Bowling Green
62%
Holy Cross
62%
New Hampshire
62%
Northeastern
62%
American
54%
Brown
54%
Denver
54%
Merrimack
54%
Providence
54%
Sacred Heart
54%
Bentley
46%
Canisius
46%
Lake Superior State
46%
Long Island
46%
Niagara
46%
Quinnipiac
46%
Rensselaer
46%
Robert Morris
46%
St. Thomas
46%
UA-Anchorage
46%
UM-Duluth
46%
UN-Omaha
46%
Western Michigan
46%
Colorado College
38%
Ferris State
38%
Minnesota State
38%
Northern Michigan
38%
St. Cloud State
38%
St. Lawrence
38%
Stonehill
38%
UA-Fairbanks
38%
Union
38%
Lindenwood
31%
Michigan Tech
31%
RIT
31%
Bemidji State
23%
Clarkson
23%
Augustana
15%

Score Distribution

Percentile by Number Answered

Percent of People with Each Score

Your Score History

You have not taken this quiz